埼玉県の市町村(1968年) - Statistics

General Stats
  • This quiz has been taken 37 times
  • The average score is 46 of 93
Answer Stats
コード 市町村 備考 % Correct
11204 浦和市 2001年消滅
90%
11205 大宮市 2001年消滅
90%
11213 岩槻市 2005年消滅
90%
11220 与野市 2001年消滅
90%
11201 川越市
86%
11202 熊谷市
86%
11203 川口市
86%
11221 草加市
86%
11222 越谷市
86%
11207 秩父市
81%
11208 所沢市
81%
11218 深谷市
81%
11224 戸田市
81%
11209 飯能市
76%
11211 本庄市
76%
11219 上尾市
76%
11227 朝霞市
76%
11212 東松山市
71%
11206 行田市
67%
11214 春日部市
67%
11215 狭山市
67%
11216 羽生市
67%
11217 鴻巣市
67%
11226 鳩ケ谷市 2011年消滅
67%
11223 蕨市
62%
11225 入間市
62%
11210 加須市
57%
11324 入間郡三芳村 1970年昇格
52%
11327 入間郡越生町
52%
11361 秩父郡横瀬村 1984年昇格
52%
11365 秩父郡小鹿野町
52%
11301 北足立郡伊奈村 1970年昇格
48%
11321 入間郡福岡町 1972年昇格
48%
11322 入間郡大井町 2005年消滅
48%
11329 入間郡日高町 1991年昇格
48%
11342 比企郡嵐山町
48%
11343 比企郡小川町
48%
11362 秩父郡皆野町
48%
11367 秩父郡大滝村 2005年消滅
48%
11368 秩父郡荒川村 2005年消滅
48%
11464 北葛飾郡杉戸町
48%
11467 北葛飾郡三郷町 1972年昇格
48%
11303 北足立郡北本町 1971年昇格
43%
11306 北足立郡新座町 1970年昇格
43%
11323 入間郡富士見町 1972年昇格
43%
11325 入間郡坂戸町 1976年昇格
43%
11328 入間郡鶴ヶ島町 1991年昇格
43%
11330 入間郡名栗村 2005年消滅
43%
11344 比企郡都幾川村 2006年消滅
43%
11369 秩父郡東秩父村
43%
11408 大里郡寄居町
43%
11421 北埼玉郡騎西町 2010年消滅
43%
11424 北埼玉郡北川辺村 1971年昇格
43%
11445 南埼玉郡白岡町 2012年昇格
43%
11466 北葛飾郡吉川町 1996年昇格
43%
11302 北足立郡桶川町 1970年昇格
38%
11305 北足立郡足立町 1970年昇格
38%
11307 北足立郡大和町 1970年昇格
38%
11326 入間郡毛呂山町
38%
11341 比企郡滑川村 1984年昇格
38%
11345 比企郡玉川村 2006年消滅
38%
11346 比企郡川島村 1972年昇格
38%
11347 比企郡吉見村 1972年昇格
38%
11405 大里郡岡部町 2006年消滅
38%
11407 大里郡花園村 1983年昇格
38%
11446 南埼玉郡菖蒲町 2010年消滅
38%
11462 北葛飾郡鷲宮町 2010年消滅
38%
11463 北葛飾郡幸手町 1986年昇格
38%
11465 北葛飾郡松伏村 1969年昇格
38%
11468 北葛飾郡庄和町 2005年消滅
38%
11304 北足立郡吹上町 2005年消滅
33%
11348 比企郡鳩山村 1982年昇格
33%
11364 秩父郡吉田町 2005年消滅
33%
11366 秩父郡両神村 2005年消滅
33%
11381 児玉郡美里村 1984年昇格
33%
11382 児玉郡児玉町 2006年消滅
33%
11383 児玉郡神川村 1987年昇格
33%
11384 児玉郡神泉村 2006年消滅
33%
11385 児玉郡上里村 1971年昇格
33%
11403 大里郡妻沼町 2005年消滅
33%
11425 北埼玉郡大利根村 1971年昇格
33%
11441 南埼玉郡八潮町 1972年昇格
33%
11442 南埼玉郡宮代町
33%
11443 南埼玉郡久喜町 1971年昇格
33%
11461 北葛飾郡栗橋町 2010年消滅
33%
11363 秩父郡野上町 1972年改称
29%
11401 大里郡大里村 2002年昇格
29%
11402 大里郡江南村 1985年昇格
29%
11406 大里郡川本村 1977年昇格
29%
11422 北埼玉郡南河原村 2006年消滅
29%
11423 北埼玉郡川里村 2001年昇格
29%
11444 南埼玉郡蓮田町 1972年昇格
29%
11404 大里郡豊里村 1973年消滅
10%
No matching quizzes found
Score Distribution
Percent of People with Each Score
Percentile by Number Answered
Your Score History
You have not taken this quiz